000 00538nam a2200169Ia 4500
003 GCL
008 140319s9999 xx 000 0 ara d
040 _aGCL /
_cGCL
082 0 4 _a301.1
_bع ع
100 1 _aعبدالحليم محمود السيد
245 1 0 _aعلم النفس الاجتماعى والاعلام المفاهيم الاساسية /
_cعبدالحليم محمود السيد
300 _a268 ص
490 _a
650 0 4 _aعلم النفس
650 0 4 _aعلم النفس الاجتماعى
942 _2ddc
_cBK
999 _c41033
_d41033